| 000 | 00729nam a2200217 a 4500 | ||
|---|---|---|---|
| 005 | 20140310183209.0 | ||
| 008 | 030422s19uu xx 00 eng d | ||
| 020 | _a0890432376 | ||
| 050 |
_aRC 81 _b.N525 1989 |
||
| 245 |
_aThe new medicine show : _bConsumers Union's new practical guide to some everyday health problems and health products / _cThe Editors of Consumer Reports Books. |
||
| 260 |
_aMount Vernon, N.Y. : _bConsumers Union, _c1989. |
||
| 300 |
_a314 p. : _c20 cm. |
||
| 521 | _aNUR | ||
| 650 | _aMedicine, Popular. | ||
| 650 | _aQuacks and quackery. | ||
| 650 | _aHealth products. | ||
| 650 | _aConsumer education. | ||
| 650 | _aConsumers Union of United States. | ||
| 942 |
_cBK _2lcc _kFOR |
||
| 999 |
_c20067 _d20067 |
||